| 000 | 01799cam a22004214i 4500 | ||
|---|---|---|---|
| 003 | PE-LiUPU | ||
| 005 | 20250731173248.0 | ||
| 008 | 150625s r 000 0 d | ||
| 035 | _a(Sirsi) a35508 | ||
| 040 |
_aPE-LiUPU _bspa _cPE-LiUPU _erda |
||
| 082 | 0 | 4 |
_a231.3 _bS98 _221 |
| 100 | 1 |
_aSwindoll, Charles R., _eautor. |
|
| 245 | 1 | 0 |
_aMas Cerca de la Llama / _cCharles R. Swindoll. |
| 264 | 1 |
_aFL : _bBetania, _c1994. |
|
| 300 |
_a256 páginas ; _c21cm. |
||
| 336 |
_atext _2rdacontent |
||
| 337 |
_aunmediated _2rdamedia |
||
| 338 |
_avolume _2rdacarrier |
||
| 505 | 0 | _aVolvamos a conocer al Espíritu.- El objetivo principal del Espíritu de Dios:Transformar.- Mi pecado..y "las cosas del Espíritu".- ¿Es la plenitud del Espiritu una gran cosa?.- El Espiritu que sorprende.- Ponme cerca..- Esos estìmulos internos no identificados.- El Espíritu y nuestras emociones.- Medite teológicamente sobre la enfermedad y la sanidad.- Un caso biblíco de sanidad.- Cuando el Espíritu produce una lenta recuperación.- Poder, poder.. ¡tenemos el poder!.- ¿Es eso todo sobre el ministerio del Espíritu?. | |
| 526 | _aSEG42 | ||
| 526 | _aSEG41 | ||
| 526 | _aSEG40 | ||
| 526 | _aSEG39 | ||
| 526 | _aP94 | ||
| 526 | _aP87 | ||
| 526 | _aP86 | ||
| 526 | _aP85 | ||
| 526 | _aP77 | ||
| 526 | _aP76 | ||
| 526 | _aP35 | ||
| 650 | 0 | 4 |
_aEspíritu Santo. _91618 |
| 910 | _a | ||
| 942 |
_2ddc _cBOOK |
||
| 949 |
_a231.3 S98 _wDEWEY _c1 _i38474 _lCCODEBUL1 _mBUL _p00.00 _r0 _sY _tBOOK _u2015-06-25 _xBIBLIOTECA _zUNKNOWN _0COMPRA _o.STAFF. Colección General |
||
| 596 | _a1 | ||
| 999 |
_a231.3 S98 _wDEWEY _c43480 _i38474 _f2021-11-9 _g5 _lCCODEBUL1 _mBUL _r0 _sY _tBOOK _u2015-6-25 _xTEOLOGIA _zUNKNOWN _0COMPRA _o.STAFF. Colección General _d43480 |
||
| 980 |
_81 _gALBERTO SANCHEZ Responsable de Automatización |
||